000 00677nam a2200241 a 4500
999 _c1760
_d1760
007 ta
008 200117t1995 xxua|||g |||| 001 0 eng d
020 _a9780821334188
040 _aKO
_beng
041 0 _aeng
044 _aii
082 0 4 _223
_a382.1042
_bH211
100 1 _aIrfan ul Haque
245 1 0 _aTrade, Technology, and International Competitiveness /
_cHaque, Irfan ul
260 _aWashington , D. C. :
_bThe World Bank ,
_c1995 .
300 _ax , 218 p. :
_bill., Charts. ;
_c24 cm.
490 0 _aEDI Development Studies ;
504 _aIncludes Index.
650 0 _aCompetition, International
_vTextbooks
904 _aReshma_R
942 _cRT